[Event "POL-ch Amateur"]
[Site "Wroclaw"]
[Date "2013.??.??"]
[Round "6"]
[White "Bohdanowicz, Tomasz"]
[Black "Sniadecki, Jerzy"]
[Result "1-0"]
[WhiteElo "1928"]
[BlackElo "1754"]
[PlyCount "79"]
[EventDate "2013.06.??"]
[EventType "swiss"]
[EventRounds "9"]
[EventCountry "POL"]
[SourceTitle "EXT 2014"]
[Source "ChessBase"]
[SourceDate "2013.11.20"]
[SourceVersion "1"]
[SourceVersionDate "2013.11.20"]
[SourceQuality "1"]

1. e4 c5 2. Nc3 e6 3. f4 d5 4. Nf3 dxe4 5. Nxe4 Nf6 6. Nxf6+ Qxf6 7. d4 a6 8. Be3 cxd4 9. Qxd4 Qxd4 10. Nxd4 b5 11. Be2 Bb7 12. Bf3 Bxf3 13. Nxf3 Nc6 14. 0-0-0 Rc8 15. Kb1 Nb4 16. c3 Nd5 17. Rhe1 f6 18. Bc1 Kf7 19. f5 Nc7 20. Rd7+ Be7 21. fxe6+ Nxe6 22. Rxe7+ Kxe7 23. Nd4 Kf7 24. Rxe6 Ra8 25. Re2 Rhe8 26. Kc2 Rac8 27. Kd3 b4 28. Rxe8 Kxe8 29. Be3 bxc3 30. bxc3 g6 31. c4 Rb8 32. Nb3 a5 33. Kc2 Kd7 34. Nxa5 Re8 35. Kd3 f5 36. Bb6 Re1 37. c5 Ra1 38. c6+ Kc8 39. Nc4 Rd1+ 40. Kc3 1-0

[Event "POL-ch Amateurs"]
[Site "Wroclaw"]
[Date "2011.07.03"]
[Round "5"]
[White "Bohdanowicz, Tomasz"]
[Black "Minko, Janusz"]
[Result "1-0"]
[WhiteElo "1924"]
[BlackElo "1897"]
[PlyCount "123"]
[EventDate "2011.07.01"]
[EventType "swiss"]
[EventRounds "7"]
[EventCountry "POL"]
[SourceTitle "EXT 2023"]
[Source "ChessBase"]
[SourceDate "2022.10.05"]
[SourceVersion "1"]
[SourceVersionDate "2022.10.05"]
[SourceQuality "1"]

1. e4 c5 2. Nc3 d6 3. f4 g6 4. Nf3 Bg7 5. Bc4 e6 6. 0-0 a6 7. a4 Nc6 8. d3 Nge7 9. Qe1 0-0 10. f5 exf5 11. Qh4 h5 12. g4 fxg4 13. Ng5 Ne5 14. Nxf7 Rxf7 15. Rxf7 Nxc4 16. Rxg7+ Kxg7 17. dxc4 Nc6 18. Bg5 Qe8 19. Rf1 Be6 20. Bf6+ Kh7 21. e5 Nxe5 22. Bxe5 dxe5 23. Ne4 Qd8 24. Qxd8 Rxd8 25. Ng5+ Kh6 26. Nxe6 Rd2 27. Rf2 Rd1+ 28. Kg2 b6 29. Nc7 Kg5 30. Re2 Kf5 31. Nd5 Rd4 32. Nxb6 e4 33. c3 Rd3 34. Nd5 h4 35. Rf2+ Ke5 36. Ne7 h3+ 37. Kf1 Rd6 38. Nd5 g5 39. Ne3 g3 40. hxg3 Rd3 41. Ke2 Rd8 42. Ng4+ Ke6 43. Rf6+ Ke7 44. Rh6 Rb8 45. Rxh3 Rxb2+ 46. Ke3 Rb3 47. Kxe4 Rxc3 48. Kd5 Ra3 49. Rh7+ Kf8 50. Kxc5 Rxg3 51. Ne5 Re3 52. Nd7+ Kg8 53. Nf6+ Kf8 54. Nd5 Ra3 55. Kb4 Rd3 56. Nc7 g4 57. Ne6+ Ke8 58. Rg7 g3 59. Nc5 Rf3 60. Nxa6 Kf8 61. Rg4 Rf6 62. Nc5 1-0

[Event "POL-ch Amateurs"]
[Site "Wroclaw"]
[Date "2011.07.03"]
[Round "6"]
[White "Wrobel, Maciej"]
[Black "Bohdanowicz, Tomasz"]
[Result "1/2-1/2"]
[WhiteElo "1868"]
[BlackElo "1924"]
[PlyCount "80"]
[EventDate "2011.07.01"]
[EventType "swiss"]
[EventRounds "7"]
[EventCountry "POL"]
[SourceTitle "EXT 2023"]
[Source "ChessBase"]
[SourceDate "2022.10.05"]
[SourceVersion "1"]
[SourceVersionDate "2022.10.05"]
[SourceQuality "1"]

1. e4 c5 2. Nf3 Nc6 3. d4 cxd4 4. Nxd4 Nf6 5. Nc3 e5 6. Ndb5 d6 7. Nd5 Nxd5 8. exd5 Ne7 9. c4 Ng6 10. Be3 a6 11. Nc3 Be7 12. Bd3 Bg5 13. Qd2 Bxe3 14. Qxe3 f5 15. 0-0-0 0-0 16. f3 Bd7 17. Kb1 Qa5 18. Qg5 b5 19. h4 bxc4 20. Bxc4 Rab8 21. Bb3 Qd8 22. Qg3 f4 23. Qe1 Bf5+ 24. Ne4 Qb6 25. h5 Ne7 26. g4 fxg3 27. Qxg3 a5 28. Rhg1 Rf7 29. Rg2 a4 30. Bxa4 Qb4 31. Bd7 Bxd7 32. Nf6+ Kh8 33. Nxd7 Nf5 34. Qg5 Rc8 35. Rc1 Rxc1+ 36. Qxc1 Qb7 37. Rc2 g6 38. Rc8+ Kg7 39. Rc7 Qxd5 40. hxg6 hxg6 1/2-1/2

[Event "POL-ch Amateurs"]
[Site "Wroclaw"]
[Date "2011.07.02"]
[Round "3"]
[White "Bohdanowicz, Tomasz"]
[Black "Witkowski, Krzysztof"]
[Result "1/2-1/2"]
[WhiteElo "1924"]
[BlackElo "1849"]
[PlyCount "29"]
[EventDate "2011.07.01"]
[EventType "swiss"]
[EventRounds "7"]
[EventCountry "POL"]
[SourceTitle "EXT 2023"]
[Source "ChessBase"]
[SourceDate "2022.10.05"]
[SourceVersion "1"]
[SourceVersionDate "2022.10.05"]
[SourceQuality "1"]

1. e4 c5 2. Nc3 Nc6 3. f4 g6 4. Nf3 Bg7 5. Bc4 e6 6. f5 Na5 7. d3 d5 8. Bb5+ Nc6 9. Bg5 f6 10. Bh4 d4 11. Bxc6+ bxc6 12. Nb1 Rb8 13. Nbd2 Ne7 14. Nc4 0-0 15. fxg6 1/2-1/2